Classical and Fuzzy Concepts in Mathematical Logic and Applications / (Record no. 175282)
[ view plain ]
| 000 -LEADER | |
|---|---|
| fixed length control field | 00894 a2200229 4500 |
| 003 - CONTROL NUMBER IDENTIFIER | |
| control field | Nust |
| 005 - DATE AND TIME OF LATEST TRANSACTION | |
| control field | 20220729120003.0 |
| 010 ## - LIBRARY OF CONGRESS CONTROL NUMBER | |
| LC control number | 98006348 |
| 020 ## - INTERNATIONAL STANDARD BOOK NUMBER | |
| International Standard Book Number | 0849331978 (alk. paper) |
| 040 ## - CATALOGING SOURCE | |
| Transcribing agency | Nust |
| 082 00 - DEWEY DECIMAL CLASSIFICATION NUMBER | |
| Classification number | 511.3,REG |
| 100 1# - MAIN ENTRY--PERSONAL NAME | |
| Personal name | Reghi?Mircea. |
| 9 (RLIN) | 95762 |
| 245 10 - TITLE STATEMENT | |
| Title | Classical and Fuzzy Concepts in Mathematical Logic and Applications / |
| Statement of responsibility, etc. | Mircea Reghis, Eugene Roventa. |
| 260 ## - PUBLICATION, DISTRIBUTION, ETC. | |
| Place of publication, distribution, etc. | Boca Raton : |
| Name of publisher, distributor, etc. | CRC Press, |
| Date of publication, distribution, etc. | c1998. |
| 300 ## - PHYSICAL DESCRIPTION | |
| Extent | 364 p. : |
| Other physical details | ill. ; |
| Dimensions | 24 cm. |
| 505 ## - FORMATTED CONTENTS NOTE | |
| Formatted contents note | Introduction to Native Mathematical Logic (Page-1), Propositional Logic (Page-15), Practical Logic (Page-183), Exercises (Page-315), References (Page-359). |
| 650 #0 - SUBJECT ADDED ENTRY--TOPICAL TERM | |
| Topical term or geographic name entry element | Fuzzy logic. |
| 9 (RLIN) | 60142 |
| 650 #0 - SUBJECT ADDED ENTRY--TOPICAL TERM | |
| Topical term or geographic name entry element | Logic, Symbolic and mathematical. |
| 9 (RLIN) | 36546 |
| 700 1# - ADDED ENTRY--PERSONAL NAME | |
| Personal name | Roventa, Eugene. |
| 9 (RLIN) | 95763 |
| 856 42 - ELECTRONIC LOCATION AND ACCESS | |
| Materials specified | Publisher description |
| Uniform Resource Identifier | <a href="http://www.loc.gov/catdir/enhancements/fy0646/98006348-d.html">http://www.loc.gov/catdir/enhancements/fy0646/98006348-d.html</a> |
| 942 ## - ADDED ENTRY ELEMENTS (KOHA) | |
| Koha item type | Reference |
| Source of classification or shelving scheme | |
| Withdrawn status | Lost status | Source of classification or shelving scheme | Damaged status | Not for loan | Permanent Location | Current Location | Shelving location | Date acquired | Full call number | Barcode | Date last seen | Price effective from | Koha item type | Public note |
|---|---|---|---|---|---|---|---|---|---|---|---|---|---|---|
| Military College of Signals (MCS) | Military College of Signals (MCS) | Reference | 12/12/2016 | 511.3,REG | MCS30772 | 12/08/2016 | 12/12/2016 | Reference | Almirah No.19, Shelf No.3 |
